La ecología de Marx: materialismo y naturaleza
Gardado en:
| Autor Principal: | |
|---|---|
| Formato: | Libro |
| Idioma: | Lingua castelá |
| Publicado: |
Madrid
El Viejo Topo
2004
|
| Edición: | 1a. ed |
| Series: | Istas Viento Sur
|
| Subjects: | |
| Tags: |
Engadir etiqueta
Sen Etiquetas, Sexa o primeiro en etiquetar este rexistro!
|
MARC
| LEADER | 00000cam a2200000 a 4500 | ||
|---|---|---|---|
| 001 | UCC3946 | ||
| 003 | CL-VaPUC | ||
| 008 | 180622e20040000sp |||||||||||||||||spa|d | ||
| 020 | |a 9788495776921 | ||
| 082 | 0 | 4 | |a 335.412 |b FOS |2 21 |
| 100 | 0 | |a Foster, John Bellamy |e author |9 598075 | |
| 245 | 1 | 3 | |a La ecología de Marx: materialismo y naturaleza |
| 250 | |a 1a. ed | ||
| 300 | |a 449 p | ||
| 600 | 0 | |a Marx, Karl Heinrich, |d 1818-1883 |9 861123 | |
| 942 | |c BK | ||
| 945 | |d 20180622 13:48:00 |a arojas | ||
| 260 | |a Madrid |b El Viejo Topo |c 2004 | ||
| 650 | 0 | |a Materialismo |9 265687 | |
| 650 | 0 | |a Misticismo |9 265505 | |
| 650 | 0 | |a Ideologías políticas |9 255735 | |
| 650 | 0 | |a Teorías económicas |9 270968 | |
| 650 | 0 | |a Ecología |9 258124 | |
| 583 | |a last modification |c 20180622 13:48:00 |k Rodrigo Vera | ||
| 490 | 0 | |a Istas Viento Sur | |
| 999 | |c 371591 |d 371589 | ||
| 952 | |0 0 |1 0 |3 erb |4 0 |6 335_412000000000000_FOS_2004 |7 0 |8 A |9 488614 |a BIBING |b BIBING |i 5477018 |o 335.412 FOS 2004 |p 5477018 |r 2025-01-20 |w 2019-11-24 |y BK |z Catalogado en:20180622 |k GEO | ||